000 00940nas a2200289 4500
001 BR2018000673
003 BR-BrBNA
005 20231205131257.0
007 ta
008 230509b bl.|||p| |||| 00| 00por d
040 _aBR-BrBNA
_bpor
_cBiblioteca Nacional de Agricultura
041 _a(En)
072 _aH10
100 1 _aVicente, R.E.
100 1 _aDáttilo, W.
100 1 _aIzzo, T.J.
245 1 _aNew record of a very specialized interaction: Myrcidris epicharis Ward 1990 (Pseudomyrmecinae)and its myrmecophyte host Myrcia madida McVaugh (Myrtaceae)in Brazilian Meridional Amazon
650 _aMYRTACEAE
650 _aINTERAÇÃO
650 _aFORMIGA
650 _aPLANTA
650 _aDISTRIBUIÇÃO GEOGRÁFICA
650 _aAMAZONAS
773 0 _tActa Amazônica (Brazil)
_xISSN 0044-5967
_g(Dec 2012), v. 42(4) p. 567-570
_wBR2018000673
909 _a202311
_bLúcia
_c55
_dLúcia Elande
942 _2AGRIS
_n0
_cANA
999 _c253939
_d253939